00885nam a22002535a 45000010005000000030006000050050017000110080041000280100017000690200017000860400018001030500013001210820012001341000048001462450081001942600048002753000048003235050007003715200119003785210029004975210019005266500019005457000067005644637FISKH20240918141048.0920403s1992 nyua j 000 1 eng  a 92142421  a0525448721 : aDLCcDLCbeng aPZ7.M64  a823.9121 aMilne, A. A.q(Alan Alexander),d1882-1956.10aPooh and Piglet go hunting /cA.A. Milne ; decorations by Ernest H. Shepard. aNew York :bDutton Children's Books,c1992. a19 pages : bcolor illustrations ; c20 cm  aK  aPooh and Piglet follow some intriguing tracks in the snow. Includes a pewter charm of both characters on a ribbon.8 a510 bLexile estimate 8 aK bRaz-Plus  1aToysxFiction.1 aShepard, Ernest H.q(Ernest Howard),d1879-1976,eillustrator